[Event "Rated Blitz 2 during Championship Ukraine U8 - 2025"]
[Site "?"]
[Date "2025.06.07"]
[Round "2.1"]
[White "Okhmak, Marianna"]
[Black "Bazhan, Vitalii"]
[Result "0-1"]
[BlackElo "2112"]
[WhiteElo "1574"]
[LiveChessVersion "1.4.8"]

1. d4 {[%clk 0:03:04]} Nf6 {[%clk 0:03:03]} 2. c4 {[%clk 0:03:05]} e6
{[%clk 0:03:04]} 3. Nc3 {[%clk 0:03:06]} Bb4 {[%clk 0:03:05]} 4. Bd2
{[%clk 0:03:07]} d5 {[%clk 0:03:04]} 5. cxd5 {[%clk 0:03:05]} exd5
{[%clk 0:03:04]} 6. Nf3 {[%clk 0:03:06]} O-O {[%clk 0:03:01]} 7. e3
{[%clk 0:03:07]} c6 {[%clk 0:02:53]} 8. Bd3 {[%clk 0:03:08]} Nbd7
{[%clk 0:02:47]} 9. O-O {[%clk 0:03:07]} Re8 {[%clk 0:02:48]} 10. Qb3
{[%clk 0:03:00]} Bd6 {[%clk 0:02:48]} 11. Rfe1 {[%clk 0:02:55]} Qb6 12. Qxb6 axb6
{[%clk 0:02:22]} 13. e4 {[%clk 0:02:55]} dxe4 {[%clk 0:02:23]} 14. Nxe4
{[%clk 0:02:55]} Nxe4 {[%clk 0:02:17]} 15. Rxe4 {[%clk 0:02:56]} Rxe4
{[%clk 0:02:17]} 16. Bxe4 {[%clk 0:02:56]} Nf6 {[%clk 0:02:18]} 17. Bd3
{[%clk 0:02:52]} Be6 {[%clk 0:02:14]} 18. b4 {[%clk 0:02:50]} Rxa2
{[%clk 0:02:03]} 19. Rxa2 {[%clk 0:02:48]} Bxa2 {[%clk 0:02:04]} 20. b5
{[%clk 0:02:45]} Bd5 {[%clk 0:01:48]} 21. bxc6 {[%clk 0:02:44]} bxc6
{[%clk 0:01:48]} 22. Kf1 {[%clk 0:02:41]} Ne4 {[%clk 0:01:47]} 23. Be3
{[%clk 0:02:38]} f6 {[%clk 0:01:44]} 24. Ke2 {[%clk 0:02:34]} Kf7
{[%clk 0:01:44]} 25. g4 {[%clk 0:02:30]} Nc3+ {[%clk 0:01:39]} 26. Kd2
{[%clk 0:02:23]} Bxf3 {[%clk 0:01:39]} 27. Kxc3 {[%clk 0:02:23]} Bxg4
{[%clk 0:01:33]} 28. Bxh7 {[%clk 0:02:19]} g6 {[%clk 0:01:33]} 29. Bh6
{[%clk 0:02:16]} Bxh2 {[%clk 0:01:31]} 30. Kc4 {[%clk 0:02:14]} Be2+
{[%clk 0:01:18]} 31. Kb4 {[%clk 0:02:09]} Bg1 {[%clk 0:01:18]} 32. f4
{[%clk 0:02:09]} Bd3 {[%clk 0:01:00]} 33. Kc3 {[%clk 0:02:07]} Be4
{[%clk 0:01:00]} 34. Kc4 {[%clk 0:01:59]} Be3 {[%clk 0:00:59]} 35. Kc3
{[%clk 0:01:58]} c5 {[%clk 0:00:46]} 36. dxc5 {[%clk 0:01:58]} bxc5
{[%clk 0:00:47]} 37. Kc4 {[%clk 0:01:54]} Bd4 {[%clk 0:00:48]} 38. Kb3
{[%clk 0:01:52]} Bd3 {[%clk 0:00:48]} 39. Ka3 {[%clk 0:01:47]} c4
{[%clk 0:00:48]} 40. Kb4 {[%clk 0:01:48]} c3 {[%clk 0:00:48]} 41. Kb3
{[%clk 0:01:49]} c2 {[%clk 0:00:48]} 42. f5 {[%clk 0:01:45]} Bxf5
{[%clk 0:00:43]} 43. Bc1 {[%clk 0:01:32]} Kg7 {[%clk 0:00:42]} 44. Bxg6
{[%clk 0:01:33]} Kxg6 {[%clk 0:00:42]} 45. Kc4 {[%clk 0:01:33]} Be5
{[%clk 0:00:42]} 46. Kb3 {[%clk 0:01:33]} Be4 {[%clk 0:00:42]} 47. Kc4
{[%clk 0:01:30]} f5 {[%clk 0:00:43]} 48. Kb3 {[%clk 0:01:28]} f4 {[%clk 0:00:43]}
49. Bxf4 {[%clk 0:01:29]} Bxf4 {[%clk 0:00:42]} 50. Kb2 {[%clk 0:01:28]} c1=Q+
{[%clk 0:00:41]} 51. Kb3 {[%clk 0:01:30]} Kf6 {[%clk 0:00:38]} 52. Kb4
{[%clk 0:01:31]} Ke6 {[%clk 0:00:39]} 53. Kb3 {[%clk 0:01:32]} Kd5
{[%clk 0:00:39]} 54. Kb4 {[%clk 0:01:33]} Qc4+ {[%clk 0:00:39]} 55. Ka3
{[%clk 0:01:35]} Qb5 {[%clk 0:00:38]} 56. Ka2 {[%clk 0:01:36]} Kc4
{[%clk 0:00:37]} 57. Ka1 {[%clk 0:01:37]} Kc3 {[%clk 0:00:36]} 58. Ka2
{[%clk 0:01:37]} Qb2# 0-1

[Event "Rated Blitz 2 during Championship Ukraine U8 - 2025"]
[Site "?"]
[Date "2025.06.07"]
[Round "2.2"]
[White "Bondarenko, Stanislav"]
[Black "Boryshkevych, Zakhar"]
[Result "1-0"]
[BlackElo "1496"]
[WhiteElo "2093"]
[LiveChessVersion "1.4.8"]

1. c4 {[%clk 0:03:03]} d6 {[%clk 0:03:03]} 2. Nc3 {[%clk 0:03:03]} Nf6
{[%clk 0:03:05]} 3. g3 {[%clk 0:03:04]} g6 {[%clk 0:03:05]} 4. Bg2
{[%clk 0:03:04]} Bg7 {[%clk 0:03:06]} 5. Nf3 {[%clk 0:03:05]} Nc6
{[%clk 0:03:06]} 6. O-O {[%clk 0:03:05]} O-O {[%clk 0:03:06]} 7. d4
{[%clk 0:03:05]} e5 {[%clk 0:02:55]} 8. dxe5 {[%clk 0:03:05]} dxe5
{[%clk 0:02:56]} 9. Bg5 {[%clk 0:02:59]} Be6 {[%clk 0:02:42]} 10. Qa4
{[%clk 0:02:51]} Qe7 {[%clk 0:02:31]} 11. Rac1 {[%clk 0:02:20]} h6
{[%clk 0:02:24]} 12. Bxf6 {[%clk 0:02:20]} Bxf6 {[%clk 0:02:25]} 13. a3
{[%clk 0:02:11]} Qd7 {[%clk 0:02:05]} 14. Ne4 {[%clk 0:02:04]} Qe7
{[%clk 0:01:58]} 15. Nxf6+ {[%clk 0:01:53]} Qxf6 {[%clk 0:01:57]} 16. Rfd1
{[%clk 0:01:48]} Rfd8 {[%clk 0:01:53]} 17. Qb5 {[%clk 0:01:36]} Rab8
{[%clk 0:01:46]} 18. Rxd8+ {[%clk 0:01:36]} Qxd8 {[%clk 0:01:43]} 19. Qa4
{[%clk 0:01:13]} Nd4 {[%clk 0:01:32]} 20. Nxd4 {[%clk 0:01:13]} Qxd4
{[%clk 0:01:27]} 21. Qc2 {[%clk 0:01:02]} c6 {[%clk 0:01:18]} 22. e3
{[%clk 0:01:01]} Qc5 {[%clk 0:01:15]} 23. b4 {[%clk 0:01:02]} Qe7
{[%clk 0:01:13]} 24. c5 {[%clk 0:01:00]} Rd8 {[%clk 0:01:13]} 25. Rd1
{[%clk 0:01:01]} Rxd1+ {[%clk 0:01:13]} 26. Qxd1 {[%clk 0:01:02]} Qd7 27. Qxd7
{[%clk 0:01:00]} Bxd7 {[%clk 0:01:15]} 28. Kf1 {[%clk 0:01:00]} Kg7
{[%clk 0:01:16]} 29. Ke2 {[%clk 0:01:01]} Kf6 30. Kd3 Be6 {[%clk 0:01:15]} 31. b5
{[%clk 0:01:00]} Bd7 {[%clk 0:01:11]} 32. Kc3 {[%clk 0:00:46]} Ke6
{[%clk 0:01:10]} 33. Kb4 {[%clk 0:00:31]} f5 {[%clk 0:01:09]} 34. e4
{[%clk 0:00:20]} f4 {[%clk 0:00:52]} 35. Bh3+ {[%clk 0:00:20]} Ke7
{[%clk 0:00:51]} 36. Bf1 {[%clk 0:00:16]} f3 {[%clk 0:00:38]} 37. b6
{[%clk 0:00:16]} a6 {[%clk 0:00:39]} 38. Bxa6 {[%clk 0:00:16]} Bc8
{[%clk 0:00:38]} 39. Bc4 {[%clk 0:00:15]} Kf6 {[%clk 0:00:36]} 40. h4
{[%clk 0:00:15]} g5 {[%clk 0:00:31]} 41. hxg5+ {[%clk 0:00:13]} Kxg5
{[%clk 0:00:32]} 42. Kc3 {[%clk 0:00:14]} Kg4 {[%clk 0:00:33]} 43. Kd3
{[%clk 0:00:15]} Kh3 {[%clk 0:00:33]} 44. Ke3 {[%clk 0:00:16]} Kg2
{[%clk 0:00:33]} 45. Bf7 {[%clk 0:00:11]} Bg4 {[%clk 0:00:29]} 46. a4
{[%clk 0:00:12]} h5 {[%clk 0:00:25]} 47. a5 {[%clk 0:00:13]} Bc8 {[%clk 0:00:21]}
48. Bxh5 {[%clk 0:00:14]} Kh3 {[%clk 0:00:18]} 49. Bxf3 {[%clk 0:00:14]} Kh2
{[%clk 0:00:16]} 50. Bh5 {[%clk 0:00:14]} Kh3 {[%clk 0:00:16]} 51. Be8
{[%clk 0:00:15]} Kg4 {[%clk 0:00:15]} 52. a6 {[%clk 0:00:13]} bxa6
{[%clk 0:00:15]} 53. Bxc6 {[%clk 0:00:14]} a5 {[%clk 0:00:14]} 54. b7
{[%clk 0:00:15]} Bxb7 {[%clk 0:00:15]} 55. Bxb7 {[%clk 0:00:16]} a4
{[%clk 0:00:17]} 56. Bd5 {[%clk 0:00:17]} 1-0

[Event "Rated Blitz 2 during Championship Ukraine U8 - 2025"]
[Site "?"]
[Date "2025.06.07"]
[Round "3.1"]
[White "Bazhan, Vitalii"]
[Black "Samoliuk, Vasyl"]
[Result "1-0"]
[BlackElo "1748"]
[WhiteElo "2112"]
[LiveChessVersion "1.4.8"]

1. b3 {[%clk 0:03:03]} e5 {[%clk 0:03:03]} 2. Bb2 {[%clk 0:03:04]} d6
{[%clk 0:03:04]} 3. e3 {[%clk 0:03:05]} Nf6 {[%clk 0:03:04]} 4. Nf3
{[%clk 0:03:06]} g6 {[%clk 0:03:03]} 5. d4 {[%clk 0:03:06]} exd4 {[%clk 0:03:01]}
6. Nxd4 {[%clk 0:03:06]} Bg7 {[%clk 0:03:02]} 7. c4 {[%clk 0:03:06]} O-O
{[%clk 0:03:01]} 8. Nc3 {[%clk 0:03:07]} a6 {[%clk 0:02:47]} 9. Be2
{[%clk 0:03:07]} c5 {[%clk 0:02:44]} 10. Nf3 {[%clk 0:03:06]} Nc6
{[%clk 0:02:40]} 11. O-O {[%clk 0:03:05]} Re8 {[%clk 0:02:38]} 12. Qd2
{[%clk 0:02:45]} Qc7 {[%clk 0:02:17]} 13. Rfd1 {[%clk 0:02:39]} Rd8
{[%clk 0:02:03]} 14. Rac1 {[%clk 0:01:42]} Bf5 {[%clk 0:01:59]} 15. Ba1
{[%clk 0:01:43]} Rd7 {[%clk 0:01:50]} 16. Nd5 {[%clk 0:01:28]} Nxd5
{[%clk 0:01:43]} 17. Qxd5 {[%clk 0:01:05]} Nb4 {[%clk 0:01:29]} 18. Qd2
{[%clk 0:01:06]} Rad8 {[%clk 0:01:23]} 19. Bxg7 {[%clk 0:01:06]} Kxg7
{[%clk 0:01:23]} 20. a3 {[%clk 0:00:53]} Nc6 {[%clk 0:01:21]} 21. Qc3+
{[%clk 0:00:55]} Kg8 {[%clk 0:01:12]} 22. Bd3 {[%clk 0:00:31]} Bxd3
{[%clk 0:01:11]} 23. Rxd3 {[%clk 0:00:31]} Ne5 {[%clk 0:01:00]} 24. Nxe5
{[%clk 0:00:24]} dxe5 {[%clk 0:01:00]} 25. Rcd1 {[%clk 0:00:24]} e4
{[%clk 0:00:46]} 26. R3d2 {[%clk 0:00:19]} Rxd2 {[%clk 0:00:35]} 27. Rxd2
{[%clk 0:00:20]} Rxd2 {[%clk 0:00:34]} 28. Qxd2 {[%clk 0:00:21]} Qe7
{[%clk 0:00:34]} 29. Qd5 {[%clk 0:00:13]} a5 {[%clk 0:00:26]} 30. h3
{[%clk 0:00:11]} h5 {[%clk 0:00:24]} 31. g3 {[%clk 0:00:07]} Kg7 {[%clk 0:00:19]}
32. Kg2 {[%clk 0:00:08]} Kh7 {[%clk 0:00:07]} 33. a4 {[%clk 0:00:09]} Kg7
{[%clk 0:00:08]} 34. g4 {[%clk 0:00:09]} h4 {time} 1-0

[Event "Rated Blitz 2 during Championship Ukraine U8 - 2025"]
[Site "?"]
[Date "2025.06.07"]
[Round "3.2"]
[White "Mekich, Pavlo"]
[Black "Bondarenko, Stanislav"]
[Result "0-1"]
[BlackElo "2093"]
[WhiteElo "1695"]
[LiveChessVersion "1.4.8"]

1. e4 {[%clk 0:03:02]} c5 {[%clk 0:03:03]} 2. Nf3 {[%clk 0:03:03]} Nc6
{[%clk 0:03:03]} 3. d4 {[%clk 0:03:03]} cxd4 {[%clk 0:03:04]} 4. Nxd4
{[%clk 0:03:03]} g6 {[%clk 0:03:05]} 5. Nc3 {[%clk 0:03:03]} Bg7 {[%clk 0:03:06]}
6. Be3 {[%clk 0:03:03]} Nf6 {[%clk 0:03:06]} 7. f3 {[%clk 0:03:03]} d6
{[%clk 0:03:07]} 8. Qd2 {[%clk 0:03:04]} O-O {[%clk 0:03:06]} 9. O-O-O
{[%clk 0:03:04]} Bd7 {[%clk 0:03:01]} 10. g4 {[%clk 0:03:03]} Rc8
{[%clk 0:02:55]} 11. h4 {[%clk 0:03:02]} h5 {[%clk 0:02:55]} 12. gxh5
{[%clk 0:02:53]} Nxh5 {[%clk 0:02:55]} 13. f4 {[%clk 0:02:45]} Bg4
{[%clk 0:02:04]} 14. Be2 {[%clk 0:02:25]} Bxe2 {[%clk 0:02:04]} 15. Ndxe2
{[%clk 0:02:21]} Na5 {[%clk 0:01:44]} 16. Bd4 {[%clk 0:02:09]} Nc4
{[%clk 0:01:41]} 17. Qe3 {[%clk 0:02:08]} Nxe3 {[%clk 0:01:41]} 18. Bxe3
{[%clk 0:02:07]} a6 {[%clk 0:01:32]} 19. f5 {[%clk 0:02:07]} b5 {[%clk 0:01:30]}
20. fxg6 {[%clk 0:02:08]} fxg6 {[%clk 0:01:31]} 21. Rhg1 {[%clk 0:02:03]} Kh7
{[%clk 0:01:31]} 22. Nd5 {[%clk 0:01:57]} e6 {[%clk 0:01:27]} 23. Ndf4
{[%clk 0:01:54]} Nxf4 {[%clk 0:01:16]} 24. Nxf4 {[%clk 0:01:55]} Qf6
{[%clk 0:01:10]} 25. Nd3 {[%clk 0:01:51]} Rc4 {[%clk 0:00:57]} 26. Bg5
{[%clk 0:01:44]} Qf3 {[%clk 0:00:51]} 27. Be7 {[%clk 0:01:30]} Qe2
{[%clk 0:00:42]} 28. Rd2 {[%clk 0:01:10]} Bh6 {[%clk 0:00:43]} 29. Bg5
{[%clk 0:01:11]} Rf1+ {[%clk 0:00:38]} 30. Rxf1 {[%clk 0:01:10]} Qxf1+
{[%clk 0:00:39]} 31. Rd1 {[%clk 0:01:11]} Bxg5+ {[%clk 0:00:39]} 32. hxg5
{[%clk 0:01:11]} Qg2 {[%clk 0:00:38]} 33. c3 {[%clk 0:01:10]} Rxe4
{[%clk 0:00:36]} 34. Nb4 {[%clk 0:01:05]} Qxg5+ {[%clk 0:00:32]} 35. Kb1
{[%clk 0:01:05]} Qf5 {[%clk 0:00:31]} 36. Kc1 {[%clk 0:01:04]} Re2
{[%clk 0:00:32]} 37. Rh1+ {[%clk 0:00:48]} Kg7 {[%clk 0:00:33]} 38. Rd1
{[%clk 0:00:47]} a5 {[%clk 0:00:33]} 39. Nd3 {[%clk 0:00:46]} e5 {[%clk 0:00:30]}
40. Rd2 {[%clk 0:00:35]} Qg5 {[%clk 0:00:30]} 41. Nf4 {[%clk 0:00:23]} Qxf4
{[%clk 0:00:30]} 42. Kb1 {[%clk 0:00:24]} Rxd2 {[%clk 0:00:29]} 43. Kc1
{[%clk 0:00:23]} Qe3 {[%clk 0:00:29]} 44. c4 {[%clk 0:00:23]} Qe1#
{[%clk 0:00:30]} 0-1

[Event "Rated Blitz 2 during Championship Ukraine U8 - 2025"]
[Site "?"]
[Date "2025.06.07"]
[Round "3.3"]
[White "Kaliuzhny, Andrey"]
[Black "Samarin, Oleksandr"]
[Result "1-0"]
[BlackElo "1700"]
[WhiteElo "2084"]
[LiveChessVersion "1.4.8"]

1. Nf3 {[%clk 0:03:03]} d5 {[%clk 0:03:02]} 2. c4 {[%clk 0:03:04]} dxc4
{[%clk 0:03:01]} 3. Na3 {[%clk 0:03:05]} Nf6 {[%clk 0:02:58]} 4. Nxc4
{[%clk 0:03:05]} Nc6 {[%clk 0:02:59]} 5. g3 {[%clk 0:03:05]} e5 {[%clk 0:03:00]}
6. Ncxe5 {[%clk 0:02:57]} Nxe5 {[%clk 0:03:00]} 7. Nxe5 {[%clk 0:02:58]} Bd6
{[%clk 0:03:01]} 8. Nf3 {[%clk 0:02:57]} Bg4 {[%clk 0:03:02]} 9. Bg2
{[%clk 0:02:58]} O-O {[%clk 0:03:02]} 10. O-O {[%clk 0:02:58]} Re8
{[%clk 0:03:03]} 11. h3 {[%clk 0:02:56]} Bh5 {[%clk 0:03:02]} 12. d4
{[%clk 0:02:52]} Qd7 {[%clk 0:02:39]} 13. Kh2 {[%clk 0:02:35]} Rad8
{[%clk 0:02:36]} 14. Re1 {[%clk 0:01:35]} c5 {[%clk 0:02:27]} 15. Bg5
{[%clk 0:01:20]} cxd4 {[%clk 0:02:27]} 16. Bxf6 {[%clk 0:01:20]} gxf6
{[%clk 0:02:27]} 17. Qd2 {[%clk 0:01:14]} f5 {[%clk 0:02:00]} 18. Rad1
{[%clk 0:01:08]} f4 {[%clk 0:01:47]} 19. g4 {[%clk 0:01:08]} Bg6 {[%clk 0:01:47]}
20. Qxd4 {[%clk 0:01:01]} Qe7 {[%clk 0:01:37]} 21. Qa4 {[%clk 0:00:40]} Bc5
{[%clk 0:01:29]} 22. Rxd8 {[%clk 0:00:37]} Rxd8 {[%clk 0:01:25]} 23. Kg1
{[%clk 0:00:36]} Be4 {[%clk 0:01:11]} 24. Qb3 {[%clk 0:00:30]} Bd5
{[%clk 0:01:07]} 25. Qc2 {[%clk 0:00:27]} Rc8 {[%clk 0:01:05]} 26. Qf5
{[%clk 0:00:24]} Be6 {[%clk 0:00:55]} 27. Qxf4 {[%clk 0:00:25]} Bd6
{[%clk 0:00:56]} 28. Qg5+ {[%clk 0:00:22]} Qxg5 {[%clk 0:00:55]} 29. Nxg5
{[%clk 0:00:23]} Bxa2 {[%clk 0:00:55]} 30. Ra1 {[%clk 0:00:21]} Bc4
{[%clk 0:00:55]} 31. Rxa7 {[%clk 0:00:20]} Ba6 {[%clk 0:00:50]} 32. Bxb7
{[%clk 0:00:18]} Rc1+ {[%clk 0:00:48]} 33. Kg2 {[%clk 0:00:19]} Bxb7+
{[%clk 0:00:48]} 34. Rxb7 {[%clk 0:00:21]} Rc7 {[%clk 0:00:44]} 35. Rxc7
{[%clk 0:00:21]} Bxc7 {[%clk 0:00:45]} 36. Kf3 {[%clk 0:00:22]} Kg7
{[%clk 0:00:46]} 37. Ke4 {[%clk 0:00:24]} Kf6 {[%clk 0:00:46]} 38. f4
{[%clk 0:00:24]} h6 {[%clk 0:00:47]} 39. Nf3 {[%clk 0:00:25]} Ke6
{[%clk 0:00:48]} 40. h4 {[%clk 0:00:24]} f6 {[%clk 0:00:48]} 41. Nd4+
{[%clk 0:00:24]} Ke7 {[%clk 0:00:47]} 42. Nf5+ {[%clk 0:00:25]} Kf7
{[%clk 0:00:48]} 43. Nxh6+ {[%clk 0:00:26]} Kg6 {[%clk 0:00:49]} 44. Nf5
{[%clk 0:00:26]} Kf7 {[%clk 0:00:49]} 45. h5 {[%clk 0:00:27]} Bb8
{[%clk 0:00:50]} 46. b4 {[%clk 0:00:29]} Bc7 {[%clk 0:00:50]} 47. b5
{[%clk 0:00:30]} Bb8 {[%clk 0:00:51]} 48. e3 {[%clk 0:00:31]} Bc7
{[%clk 0:00:51]} 49. Kf3 {[%clk 0:00:31]} Kg6 {[%clk 0:00:54]} 1-0

[Event "Rated Blitz 2 during Championship Ukraine U8 - 2025"]
[Site "?"]
[Date "2025.06.07"]
[Round "3.4"]
[White "Kobryn, Stanislav"]
[Black "Danylyuk, Vasyl"]
[Result "0-1"]
[BlackElo "2011"]
[WhiteElo "1574"]
[LiveChessVersion "1.4.8"]

1. e4 c6 2. Nc3 {[%clk 0:03:03]} d5 {[%clk 0:03:06]} 3. d4 {[%clk 0:03:04]} dxe4
{[%clk 0:03:07]} 4. Nxe4 {[%clk 0:03:05]} Bf5 {[%clk 0:03:08]} 5. Nc3
{[%clk 0:03:06]} e6 {[%clk 0:03:09]} 6. Bc4 {[%clk 0:03:05]} Nd7 {[%clk 0:03:10]}
7. Nf3 Nb6 8. Bb3 {[%clk 0:03:06]} Nf6 {[%clk 0:03:12]} 9. Bg5 {[%clk 0:03:07]}
Be7 {[%clk 0:03:13]} 10. O-O {[%clk 0:03:07]} O-O {[%clk 0:03:14]} 11. Re1
{[%clk 0:03:08]} Nbd5 {[%clk 0:03:11]} 12. Bxf6 {[%clk 0:03:08]} Bxf6
{[%clk 0:03:04]} 13. Nxd5 {[%clk 0:03:08]} cxd5 {[%clk 0:03:06]} 14. c3
{[%clk 0:03:08]} b5 {[%clk 0:03:06]} 15. a4 {[%clk 0:03:08]} bxa4
{[%clk 0:02:57]} 16. Bxa4 {[%clk 0:03:08]} Bg4 {[%clk 0:02:51]} 17. h3
{[%clk 0:03:05]} Bh5 {[%clk 0:02:52]} 18. Bc2 {[%clk 0:03:00]} Qb6
{[%clk 0:02:42]} 19. b3 {[%clk 0:02:50]} Rfc8 {[%clk 0:02:39]} 20. Qd3
{[%clk 0:02:49]} Bg6 {[%clk 0:02:32]} 21. Qd2 {[%clk 0:02:50]} Bxc2
{[%clk 0:02:30]} 22. Qxc2 {[%clk 0:02:50]} h6 {[%clk 0:02:18]} 23. Ne5
{[%clk 0:02:39]} Bxe5 {[%clk 0:01:59]} 24. dxe5 {[%clk 0:02:38]} Rab8
{[%clk 0:01:58]} 25. b4 {[%clk 0:02:27]} Qxb4 {[%clk 0:01:35]} 26. cxb4
{[%clk 0:02:27]} Rxc2 {[%clk 0:01:36]} 27. Rxa7 {[%clk 0:02:28]} Rxb4
{[%clk 0:01:34]} 28. Raa1 {[%clk 0:02:24]} Rbb2 {[%clk 0:01:35]} 29. Rf1
{[%clk 0:02:25]} Re2 {[%clk 0:01:34]} 30. Rae1 {[%clk 0:02:26]} Kh7
{[%clk 0:01:34]} 31. Rxe2 {[%clk 0:02:26]} Rxe2 {[%clk 0:01:34]} 32. f4
{[%clk 0:02:26]} Kg6 {[%clk 0:01:30]} 33. g4 {[%clk 0:02:26]} h5 {[%clk 0:01:16]}
34. Rf2 {[%clk 0:02:05]} Rxf2 {[%clk 0:01:12]} 35. Kxf2 {[%clk 0:02:06]} hxg4
{[%clk 0:01:13]} 36. hxg4 {[%clk 0:02:07]} f6 {[%clk 0:00:51]} 37. Ke3
{[%clk 0:02:02]} fxe5 {[%clk 0:00:52]} 38. fxe5 {[%clk 0:02:03]} Kg5
{[%clk 0:00:53]} 39. Kd4 {[%clk 0:02:04]} Kxg4 {[%clk 0:00:53]} 40. Kc5
{[%clk 0:02:05]} Kf5 {[%clk 0:00:54]} 41. Kd6 {[%clk 0:02:07]} d4
{[%clk 0:00:55]} 42. Ke7 {[%clk 0:02:08]} d3 {[%clk 0:00:56]} 43. Kd6
{[%clk 0:02:07]} d2 {[%clk 0:00:58]} 44. Ke7 {[%clk 0:02:09]} d1=Q
{[%clk 0:00:57]} 45. Kf7 Qd7+ {[%clk 0:00:54]} 46. Kg8 {[%clk 0:02:10]} Kg6
{[%clk 0:00:52]} 47. Kh8 {[%clk 0:02:09]} Qe8# {[%clk 0:00:53]} 0-1

[Event "Rated Blitz 2 during Championship Ukraine U8 - 2025"]
[Site "?"]
[Date "2025.06.07"]
[Round "3.5"]
[White "Netrebka, Myron"]
[Black "Nadzharyan, Tymur"]
[Result "1-0"]
[BlackElo "1609"]
[WhiteElo "1919"]
[LiveChessVersion "1.4.8"]

1. e4 c6 2. Nf3 d5 3. Nc3 d4 4. Ne2 c5 5. Ng3 e6 {[%clk 0:03:04]} 6. Bc4
{[%clk 0:03:07]} Nc6 {[%clk 0:02:58]} 7. d3 {[%clk 0:03:12]} Bd7 {[%clk 0:02:57]}
8. a4 {[%clk 0:03:14]} Be7 {[%clk 0:02:57]} 9. O-O {[%clk 0:03:14]} Nf6
{[%clk 0:02:58]} 10. h3 {[%clk 0:03:12]} O-O 11. Nh2 {[%clk 0:03:14]} Bd6
{[%clk 0:02:56]} 12. f4 {[%clk 0:03:06]} e5 {[%clk 0:02:53]} 13. Bd2
{[%clk 0:03:08]} exf4 {[%clk 0:02:53]} 14. Bxf4 {[%clk 0:03:08]} Bxf4
{[%clk 0:02:53]} 15. Rxf4 {[%clk 0:02:53]} b6 16. Nf5 Qc7 {[%clk 0:02:47]} 17.
Rf2 {[%clk 0:02:45]} Bxf5 {[%clk 0:02:47]} 18. Rxf5 {[%clk 0:02:45]} Na5 19. Ba2
{[%clk 0:02:45]} Nc6 {[%clk 0:02:40]} 20. Qf3 {[%clk 0:02:39]} Qd6 21. Rf1 Ne5
22. Qg3 {[%clk 0:02:32]} Nc4 {[%clk 0:02:21]} 23. e5 {[%clk 0:02:29]} Nh5
{[%clk 0:02:08]} 24. Rxh5 {[%clk 0:02:21]} Qc6 {[%clk 0:01:55]} 25. Bxc4
{[%clk 0:02:09]} a6 26. Ng4 {[%clk 0:02:09]} b5 {[%clk 0:01:51]} 27. Nf6+
{[%clk 0:02:09]} 1-0

[Event "Rated Blitz 2 during Championship Ukraine U8 - 2025"]
[Site "?"]
[Date "2025.06.07"]
[Round "4.1"]
[White "Danylyuk, Vasyl"]
[Black "Bazhan, Vitalii"]
[Result "0-1"]
[BlackElo "2112"]
[WhiteElo "2011"]
[LiveChessVersion "1.4.8"]

1. d4 {[%clk 0:03:03]} Nf6 {[%clk 0:03:03]} 2. c4 {[%clk 0:03:04]} e6
{[%clk 0:03:04]} 3. Nc3 {[%clk 0:03:05]} Bb4 {[%clk 0:03:05]} 4. Bd2
{[%clk 0:03:06]} O-O {[%clk 0:03:04]} 5. e3 {[%clk 0:03:07]} d5 {[%clk 0:03:05]}
6. cxd5 {[%clk 0:03:08]} exd5 {[%clk 0:03:04]} 7. Bd3 {[%clk 0:03:05]} c6
{[%clk 0:02:55]} 8. Nf3 {[%clk 0:03:04]} Bg4 {[%clk 0:02:48]} 9. h3
{[%clk 0:03:05]} Bh5 {[%clk 0:02:49]} 10. a3 {[%clk 0:02:56]} Bd6
{[%clk 0:02:49]} 11. Qc2 {[%clk 0:02:15]} Nbd7 {[%clk 0:02:35]} 12. Nh4
{[%clk 0:02:01]} Bg6 {[%clk 0:02:29]} 13. Nxg6 {[%clk 0:02:02]} hxg6
{[%clk 0:02:28]} 14. b4 {[%clk 0:01:59]} b6 {[%clk 0:02:22]} 15. O-O
{[%clk 0:01:57]} Re8 {[%clk 0:01:56]} 16. Rfc1 {[%clk 0:01:58]} c5
{[%clk 0:01:51]} 17. Nb5 {[%clk 0:01:34]} Bf8 {[%clk 0:01:52]} 18. dxc5
{[%clk 0:01:31]} bxc5 {[%clk 0:01:52]} 19. bxc5 {[%clk 0:01:27]} Nxc5
{[%clk 0:01:50]} 20. Bb4 {[%clk 0:01:04]} Nxd3 {[%clk 0:01:14]} 21. Qxd3
{[%clk 0:01:05]} Bxb4 {[%clk 0:00:58]} 22. axb4 {[%clk 0:01:06]} Re7
{[%clk 0:00:59]} 23. Nd4 {[%clk 0:00:57]} Rb7 {[%clk 0:00:55]} 24. b5
{[%clk 0:00:55]} Ne4 {[%clk 0:00:54]} 25. Rc2 {[%clk 0:00:38]} Qf6
{[%clk 0:00:54]} 26. Rca2 {[%clk 0:00:37]} Rc8 {[%clk 0:00:26]} 27. Nf3
{[%clk 0:00:29]} Nc3 {[%clk 0:00:11]} 28. Rxa7 {[%clk 0:00:23]} Rxb5
{[%clk 0:00:12]} 29. R7a3 {[%clk 0:00:17]} Ne4 {[%clk 0:00:09]} 30. R3a2
{[%clk 0:00:15]} Rbc5 {[%clk 0:00:08]} 31. Rd1 {[%clk 0:00:14]} Nc3
{[%clk 0:00:07]} 32. Rad2 {[%clk 0:00:03]} Nxd1 {[%clk 0:00:08]} 33. Rxd1
{[%clk 0:00:05]} Rc1 {[%clk 0:00:08]} 34. Qd2 {[%clk 0:00:05]} Rxd1+ 35. Qxd1
{[%clk 0:00:06]} Qc6 {[%clk 0:00:09]} 36. Qd4 {[%clk 0:00:06]} Qc4
{[%clk 0:00:09]} 37. Qe5 {[%clk 0:00:06]} Qe4 {[%clk 0:00:07]} 38. Qd6
{[%clk 0:00:05]} Rc1+ {[%clk 0:00:06]} 39. Kh2 {[%clk 0:00:06]} Rc8
{[%clk 0:00:06]} 40. Qd7 {[%clk 0:00:07]} Re8 {[%clk 0:00:07]} 41. Kg1
{[%clk 0:00:05]} Re7 {[%clk 0:00:06]} 42. Qd6 {[%clk 0:00:06]} f6
{[%clk 0:00:07]} 43. Kh2 {[%clk 0:00:06]} g5 {[%clk 0:00:08]} 44. Nd4
{[%clk 0:00:07]} Qe5+ {[%clk 0:00:09]} 45. Qxe5 {[%clk 0:00:07]} Rxe5
{[%clk 0:00:10]} 46. Kg3 {[%clk 0:00:08]} Kf7 {[%clk 0:00:11]} 47. Kg4
{[%clk 0:00:09]} Re8 {[%clk 0:00:12]} 48. Kf5 {[%clk 0:00:09]} Re4
{[%clk 0:00:12]} 0-1

[Event "Rated Blitz 2 during Championship Ukraine U8 - 2025"]
[Site "?"]
[Date "2025.06.07"]
[Round "4.2"]
[White "Bondarenko, Stanislav"]
[Black "Netrebka, Myron"]
[Result "1-0"]
[BlackElo "1919"]
[WhiteElo "2093"]
[LiveChessVersion "1.4.8"]

1. d4 {[%clk 0:03:03]} d5 {[%clk 0:03:00]} 2. Nf3 {[%clk 0:03:01]} Nf6
{[%clk 0:03:00]} 3. g3 {[%clk 0:03:01]} c5 {[%clk 0:03:00]} 4. Bg2
{[%clk 0:03:01]} Nc6 {[%clk 0:03:01]} 5. O-O {[%clk 0:03:01]} cxd4
{[%clk 0:02:59]} 6. Nxd4 {[%clk 0:03:02]} e5 {[%clk 0:03:00]} 7. Nxc6
{[%clk 0:02:55]} bxc6 8. c4 {[%clk 0:02:56]} Be7 {[%clk 0:03:00]} 9. cxd5
{[%clk 0:02:49]} cxd5 {[%clk 0:03:01]} 10. Bg5 {[%clk 0:02:49]} Bb7
{[%clk 0:02:53]} 11. Nc3 {[%clk 0:02:45]} e4 {[%clk 0:02:52]} 12. Qa4+
{[%clk 0:02:43]} Kf8 {[%clk 0:02:45]} 13. Rad1 {[%clk 0:02:39]} Qd6
{[%clk 0:02:01]} 14. Bxf6 {[%clk 0:02:35]} gxf6 {[%clk 0:01:59]} 15. Nxe4
{[%clk 0:02:31]} Qb6 {[%clk 0:02:00]} 16. Nc3 {[%clk 0:02:25]} d4
{[%clk 0:01:22]} 17. Bxb7 {[%clk 0:02:10]} Qxb7 {[%clk 0:01:22]} 18. Rxd4
{[%clk 0:02:07]} Qxb2 {[%clk 0:01:13]} 19. Qc6 {[%clk 0:02:02]} Re8
{[%clk 0:00:56]} 20. Rb1 {[%clk 0:01:43]} Qc2 {[%clk 0:00:57]} 21. Qxe8+
{[%clk 0:01:14]} Kxe8 {[%clk 0:00:51]} 22. Rb8+ {[%clk 0:01:15]} Bd8
{[%clk 0:00:52]} 23. Rbxd8+ {[%clk 0:01:16]} Ke7 {[%clk 0:00:54]} 24. Nd5+
{[%clk 0:01:16]} Ke6 {[%clk 0:00:48]} 25. Nf4+ {[%clk 0:01:17]} Kf5
{[%clk 0:00:19]} 26. R8d5+ {[%clk 0:01:18]} Kg4 {[%clk 0:00:21]} 27. f3#
{[%clk 0:01:14]} 1-0